| 000 | 00798nam a22002537a 4500 | ||
|---|---|---|---|
| 003 | 0 | ||
| 005 | 20160609165026.0 | ||
| 008 | 090930t xxu||||| |||| 00| 0 eng d | ||
| 040 |
_aBUAC _bFR _cBAC |
||
| 041 | _aFR | ||
| 082 | _a172.2 DOB | ||
| 100 |
_aDobel, Patrick J. _9891 |
||
| 245 |
_aIntégrité morale et vie publique _c/J. Patrick Dobel _b:trad. de l'américain par Bernard Vincent |
||
| 260 |
_aParis _bNouveaux Horizons _c2003 |
||
| 300 |
_aXVIII-278p. _bCouv. ill. en coul. _c24 cm |
||
| 500 | _aTitre original: Public integrity | ||
| 600 |
_aVincent, Bernard _9892 |
||
| 650 |
_aIntégrité morale _9893 |
||
| 650 |
_aVie publique _9894 |
||
| 650 |
_aCharge publique: intégrité _9895 |
||
| 650 |
_aDémission: éthique _9896 |
||
| 700 |
_aVincent, Bernard _9903 |
||
| 942 | _cLIVR | ||
| 999 |
_c46222 _d46222 |
||